Penerimaan dan kefahaman tentang Islam dalam kalangan masyarakat Dusun dan Murut di Brunei Darussalam /
Saved in:
| Main Author: | |
|---|---|
| Format: | Thesis Book |
| Language: | Malay |
| Subjects: | |
| Tags: |
Add Tag
No Tags, Be the first to tag this record!
|
| LEADER | 01493cam a2200349 a 4500 | ||
|---|---|---|---|
| 001 | u796061 | ||
| 003 | SIRSI | ||
| 005 | 201008181042 | ||
| 008 | 100818s2010 my t 000 0 may m | ||
| 040 | |a UMA |d UMM |e rda | ||
| 043 | |a a-bx--- | ||
| 090 | |a BP42 |b A2 UMP 2010 Rasha | ||
| 094 | |a BP42 |b A2 UMP 2010 Rasha | ||
| 100 | 0 | |a Rasinah Haji Ahim, |c Hajah |e author. | |
| 245 | 1 | 0 | |a Penerimaan dan kefahaman tentang Islam dalam kalangan masyarakat Dusun dan Murut di Brunei Darussalam / |c Hajah Rasinah binti Haji Ahim. |
| 264 | 1 | |c 2010. | |
| 264 | 4 | |c 2010. | |
| 300 | |a xxiv, 381 leaves : |b illustrations ; |c 30 cm. | ||
| 336 | |a text |2 rdacontent | ||
| 337 | |a unmediated |2 rdamedia | ||
| 338 | |a volume |2 rdacarrier | ||
| 502 | |a Thesis (Ph.D) -- Jabatan Akidah dan Pemikiran Islam, Akademi Pengajian Islam, Universiti Malaya, 2010. | ||
| 504 | |a Bibliography: leaves 349-363. | ||
| 650 | 0 | |a Islam |z Brunei. | |
| 650 | 0 | |a Dusun (Bornean people) |x Religion. | |
| 650 | 0 | |a Murut (Bornean people) |x Religion. | |
| 710 | 2 | |a Universiti Malaya. |b Jabatan Akidah dan Pemikiran Islam. | |
| 900 | |a JAR | ||
| 596 | |a 1 12 18 | ||
| 999 | |a BP42 A2 UMP 2010 RASHA |w LC |c 1 |i A513476830 |d 16/10/2019 |e 16/10/2019 |f 2/9/2010 |g 1 |l RESERVES |m P12ISLAMKL |n 5 |r Y |s Y |t TESIS |u 2/9/2010 | ||
| 999 | |a BP42 A2 UMP 2010 RASHA |w LC |c 1 |i A512992604 |l RESERVES |m P18ISLPURI |r Y |s Y |t TESIS |u 8/3/2011 | ||
| 999 | |a BP42 A2 UMP 2010 RASHA |w LC |c 1 |i A514308594 |d 28/10/2018 |e 28/10/2018 |f 16/5/2011 |g 1 |l STACKS |m P01UTAMA |n 35 |r Y |s Y |t TESIS |u 12/5/2011 | ||
